000 00941nam a22002297i 4500
999 _c22828
_d22828
003 AR-CdUCM
008 240416b20212021pe ||||| |||| 00| 0 spa d
020 _a978-612-00-6956-1
040 _aMUNICIPALIDAD PROVINCIAL DEL CUSCO
_cBIBLIOTECA MUNICIPAL DEL CUSCO
082 _a869.56 / M22C / e.2
_bM22C / e.2
100 _aManya Salas, Jesús
_949550
245 _aEl Código Secreto de Pachakuteq /
260 _aCusco :
_c2021
300 _a118 Páginas. :
_c20.9 cm.
505 _aPantaq Pantariy -- Qhaway, Yachay, Unanchay, Hamutay -- Hatun K´ana -- Pacha Unanchay -- Apu Mollo Q´awa
650 _aPantaqpantariy.
_949551
650 _aQhaway, yachay, unanchay, hamut`ay: Observar, aprender, interpretar y sistematizar.
_949552
650 _aTiti Qaqamanta Pachakamaqkama: Desde el Santuario del Sol al Santuario de la Madre Tierra
_949553
650 _aYauri Panaka
_949564
942 _2ddc
_cLIBROS
945 _apbj
_d2024-04-16